Goldfinger Ernő /

Na minha lista:
Detalhes bibliográficos
Autor principal: Major, Máté (Author, Editor)
Formato: Livro
Idioma:húngaro
Publicado em: Budapest : Akadémiai Kiadó, 1973
Edição:1. vydanie
Colecção:Architektúra
Assuntos:
Tags: Adicionar Tag
Sem tags, seja o primeiro a adicionar uma tag!

MARC

LEADER 00000nam a22000003a 4500
001 0102125
003 SK-STU
005 20230523160747.8
007 ta
008 230523s ----xo-----e------000-0-----d
040 |a STU  |b slo 
041 0 |a hun 
044 |a hu 
100 1 |a Major, Máté  |4 aut  |4 edt 
245 1 0 |a Goldfinger Ernő /  |c aut. Máté Major 
250 |a 1. vydanie 
260 |a Budapest :  |b Akadémiai Kiadó,  |c 1973 
300 |a 27 s.,  |b 63 s. 
490 0 |a Architektúra 
650 0 7 |a život a dielo 
650 0 7 |a architektonické dielo 
650 0 7 |a architektúra anglická 
650 0 7 |a architekti maďarskí 
650 0 7 |a obytné budovy 
650 0 7 |a občianske budovy 
650 0 7 |a brutalizmus 
996 |b 284AU09733  |c A* 13095/U  |l AAKNAR  |s A  |a 24  |w 0102125_0001